[Event "DEM U16 2023"]
[Site "Willingen GER"]
[Date "2023.05.28"]
[Round "2"]
[White "Peglau, Charis"]
[Black "Müller, Maximilian"]
[Result "0-1"]
[Termination "normal"]
[Board "11"]
[WhiteTitle "WFM"]
[WhiteElo "2114"]
[BlackElo "1908"]
[WhiteClock "00:03:51"]
[BlackClock "00:44:07"]
[PlyCount "100"]
[WhiteFideId "16219996"]
[BlackFideId "16243552"]
[EventCountry "GER"]
[EventRounds "9"]
[EventType "swiss"]
[EventDate "2023.05.27"]

1. c4 {[%clk 01:30:57]} {[%emt 00:00:02]} g6 {[%clk 01:30:53]} {[%emt
00:00:07]} 2. g3 {[%clk 01:31:17]} {[%emt 00:00:10]} Bg7 {[%clk 01:31:18]}
{[%emt 00:00:05]} 3. Bg2 {[%clk 01:31:40]} {[%emt 00:00:06]} e5 {[%clk
01:31:25]} {[%emt 00:00:24]} 4. e4 {[%clk 01:31:47]} {[%emt 00:00:25]} d6
{[%clk 01:31:15]} {[%emt 00:00:38]} 5. Ne2 {[%clk 01:31:56]} {[%emt 00:00:20]}
Nc6 {[%clk 01:31:33]} {[%emt 00:00:12]} 6. O-O {[%clk 01:31:52]} {[%emt
00:00:35]} h5 {[%clk 01:28:10]} {[%emt 00:03:53]} 7. h3 {[%clk 01:28:09]}
{[%emt 00:04:12]} Be6 {[%clk 01:28:08]} {[%emt 00:00:32]} 8. d3 {[%clk
01:28:23]} {[%emt 00:00:17]} Qd7 {[%clk 01:28:27]} {[%emt 00:00:11]} 9. Kh2
{[%clk 01:27:29]} {[%emt 00:01:24]} Nh6 {[%clk 01:25:57]} {[%emt 00:03:00]} 10.
Nbc3 {[%clk 01:24:03]} {[%emt 00:03:57]} f5 {[%clk 01:12:35]} {[%emt 00:13:51]}
11. Bxh6 {[%clk 01:08:34]} {[%emt 00:15:59]} Rxh6 {[%clk 01:12:58]} {[%emt
00:00:07]} 12. h4 {[%clk 01:08:22]} {[%emt 00:00:42]} f4 {[%clk 00:57:56]}
{[%emt 00:15:32]} 13. Nd5 {[%clk 00:58:59]} {[%emt 00:09:52]} Qf7 {[%clk
00:58:10]} {[%emt 00:00:17]} 14. Ng1 {[%clk 00:56:36]} {[%emt 00:02:53]} Nd4
{[%clk 00:44:50]} {[%emt 00:13:49]} 15. Nf3 {[%clk 00:41:01]} {[%emt 00:16:06]}
Nxf3+ {[%clk 00:45:07]} {[%emt 00:00:12]} 16. Bxf3 {[%clk 00:41:20]} {[%emt
00:00:12]} c6 {[%clk 00:45:35]} {[%emt 00:00:03]} 17. Nc3 {[%clk 00:41:07]}
{[%emt 00:00:42]} Bf6 {[%clk 00:45:53]} {[%emt 00:00:11]} 18. Kg2 {[%clk
00:36:44]} {[%emt 00:04:53]} O-O-O {[%clk 00:37:17]} {[%emt 00:09:06]} 19. Rh1
{[%clk 00:34:05]} {[%emt 00:03:08]} Rg8 {[%clk 00:37:16]} {[%emt 00:00:32]} 20.
Kf1 {[%clk 00:29:03]} {[%emt 00:05:32]} fxg3 {[%clk 00:32:01]} {[%emt
00:05:45]} 21. fxg3 {[%clk 00:28:35]} {[%emt 00:00:59]} g5 {[%clk 00:31:58]}
{[%emt 00:00:32]} 22. Ke2 {[%clk 00:25:41]} {[%emt 00:03:24]} gxh4 {[%clk
00:31:43]} {[%emt 00:00:46]} 23. gxh4 {[%clk 00:25:58]} {[%emt 00:00:12]} Rg3
{[%clk 00:32:08]} {[%emt 00:00:05]} 24. Rf1 {[%clk 00:14:52]} {[%emt 00:11:36]}
Bxh4 {[%clk 00:28:39]} {[%emt 00:03:59]} 25. Kd2 {[%clk 00:14:37]} {[%emt
00:00:46]} Rf6 {[%clk 00:27:16]} {[%emt 00:01:53]} 26. Be2 {[%clk 00:13:47]}
{[%emt 00:01:21]} Rg2 {[%clk 00:23:40]} {[%emt 00:04:05]} 27. Rxf6 {[%clk
00:09:09]} {[%emt 00:05:09]} Qxf6 {[%clk 00:23:45]} {[%emt 00:00:26]} 28. Qf1
{[%clk 00:04:27]} {[%emt 00:05:11]} Rf2 {[%clk 00:23:12]} {[%emt 00:01:02]} 29.
Qg1 {[%clk 00:04:17]} {[%emt 00:00:41]} Bg4 {[%clk 00:23:18]} {[%emt 00:00:24]}
30. Rf1 {[%clk 00:02:35]} {[%emt 00:02:12]} Qf4+ {[%clk 00:23:43]} {[%emt
00:00:05]} 31. Kc2 {[%clk 00:02:12]} {[%emt 00:00:53]} Rxf1 {[%clk 00:19:55]}
{[%emt 00:04:19]} 32. Qxf1 {[%clk 00:01:58]} {[%emt 00:00:45]} Bxe2 {[%clk
00:17:55]} {[%emt 00:02:28]} 33. Qxe2 {[%clk 00:02:09]} {[%emt 00:00:20]} Qf2
{[%clk 00:18:21]} {[%emt 00:00:03]} 34. Kd1 {[%clk 00:02:05]} {[%emt 00:00:36]}
Qxe2+ {[%clk 00:18:43]} {[%emt 00:00:07]} 35. Kxe2 {[%clk 00:02:20]} {[%emt
00:00:15]} Kd7 {[%clk 00:18:32]} {[%emt 00:00:40]} 36. Nd1 {[%clk 00:02:18]}
{[%emt 00:00:32]} Bg5 {[%clk 00:18:15]} {[%emt 00:00:48]} 37. Kf3 {[%clk
00:02:36]} {[%emt 00:00:13]} Ke6 {[%clk 00:18:05]} {[%emt 00:00:39]} 38. Kg3
{[%clk 00:02:21]} {[%emt 00:00:45]} a6 {[%clk 00:16:24]} {[%emt 00:02:11]} 39.
Nf2 {[%clk 00:01:03]} {[%emt 00:01:48]} d5 {[%clk 00:15:11]} {[%emt 00:01:43]}
40. cxd5+ {[%clk 00:00:36]} {[%emt 00:00:56]} cxd5 {[%clk 00:15:36]} {[%emt
00:00:06]} 41. Kf3 {[%clk 00:25:32]} {[%emt 00:05:35]} d4 {[%clk 00:45:47]}
{[%emt 00:00:18]} 42. Kg3 {[%clk 00:24:31]} {[%emt 00:01:30]} Kd6 {[%clk
00:45:16]} {[%emt 00:01:01]} 43. Kf3 {[%clk 00:13:18]} {[%emt 00:11:43]} Kc5
{[%clk 00:44:58]} {[%emt 00:00:49]} 44. Ke2 {[%clk 00:06:10]} {[%emt 00:07:38]}
Bc1 {[%clk 00:45:22]} {[%emt 00:00:05]} 45. Nd1 {[%clk 00:06:36]} {[%emt
00:00:05]} Kb4 {[%clk 00:45:23]} {[%emt 00:00:28]} 46. Kf3 {[%clk 00:06:40]}
{[%emt 00:00:25]} b5 {[%clk 00:45:28]} {[%emt 00:00:25]} 47. Kg3 {[%clk
00:05:20]} {[%emt 00:01:51]} Bxb2 {[%clk 00:43:13]} {[%emt 00:02:45]} 48. Kh4
{[%clk 00:03:17]} {[%emt 00:02:34]} Ka3 {[%clk 00:43:38]} {[%emt 00:00:04]} 49.
Kxh5 {[%clk 00:03:39]} {[%emt 00:00:06]} Kxa2 {[%clk 00:43:43]} {[%emt
00:00:27]} 50. Kg5 {[%clk 00:03:51]} {[%emt 00:00:19]} Bc1+ {[%clk 00:44:07]}
{[%emt 00:00:05]} 0-1

[Event "DEM U16 2023"]
[Site "Willingen GER"]
[Date "2023.05.28"]
[Round "2"]
[White "Fathke, Luke"]
[Black "Heinisch, Niklas"]
[Result "1/2-1/2"]
[Termination "normal"]
[Board "12"]
[WhiteElo "1637"]
[BlackElo "1903"]
[WhiteClock "00:14:27"]
[BlackClock "00:50:11"]
[PlyCount "47"]
[WhiteFideId "16230230"]
[BlackFideId "16295080"]
[EventCountry "GER"]
[EventRounds "9"]
[EventType "swiss"]
[EventDate "2023.05.27"]

1. e4 {[%clk 01:30:57]} {[%emt 00:00:03]} c6 {[%clk 01:30:51]} {[%emt
00:00:10]} 2. d4 {[%clk 01:29:38]} {[%emt 00:01:48]} d5 {[%clk 01:30:55]}
{[%emt 00:00:27]} 3. exd5 {[%clk 01:28:52]} {[%emt 00:01:15]} cxd5 {[%clk
01:31:16]} {[%emt 00:00:08]} 4. Bd3 {[%clk 01:28:35]} {[%emt 00:00:47]} Nf6
{[%clk 01:30:53]} {[%emt 00:00:54]} 5. h3 {[%clk 01:28:42]} {[%emt 00:00:22]}
Qc7 {[%clk 01:30:42]} {[%emt 00:00:42]} 6. Ne2 {[%clk 01:25:41]} {[%emt
00:03:32]} g6 {[%clk 01:28:13]} {[%emt 00:02:58]} 7. Nd2 {[%clk 01:20:36]}
{[%emt 00:05:35]} Bf5 {[%clk 01:27:29]} {[%emt 00:01:14]} 8. Nf3 {[%clk
01:19:14]} {[%emt 00:01:52]} Bxd3 {[%clk 01:24:48]} {[%emt 00:03:12]} 9. Qxd3
{[%clk 01:19:02]} {[%emt 00:00:40]} Bg7 {[%clk 01:24:24]} {[%emt 00:00:55]} 10.
O-O {[%clk 01:17:14]} {[%emt 00:02:18]} O-O {[%clk 01:24:39]} {[%emt 00:00:14]}
11. Bf4 {[%clk 01:06:58]} {[%emt 00:10:47]} Qa5 {[%clk 01:24:29]} {[%emt
00:00:39]} 12. Rfe1 {[%clk 01:02:56]} {[%emt 00:04:32]} Nc6 {[%clk 01:23:47]}
{[%emt 00:01:13]} 13. a3 {[%clk 01:02:09]} {[%emt 00:01:18]} b5 {[%clk
01:20:18]} {[%emt 00:03:58]} 14. Ne5 {[%clk 00:56:56]} {[%emt 00:05:43]} Qb6
{[%clk 01:15:47]} {[%emt 00:05:00]} 15. Nxc6 {[%clk 00:52:32]} {[%emt
00:04:56]} Qxc6 {[%clk 01:16:13]} {[%emt 00:00:03]} 16. Nc3 {[%clk 00:52:29]}
{[%emt 00:00:32]} Nh5 {[%clk 00:59:58]} {[%emt 00:16:44]} 17. Bh2 {[%clk
00:40:42]} {[%emt 00:12:18]} e6 {[%clk 00:58:58]} {[%emt 00:01:30]} 18. g4
{[%clk 00:38:02]} {[%emt 00:03:10]} Nf6 {[%clk 00:59:11]} {[%emt 00:00:17]} 19.
Qxb5 {[%clk 00:33:14]} {[%emt 00:05:18]} Qxb5 {[%clk 00:59:17]} {[%emt
00:00:23]} 20. Nxb5 {[%clk 00:33:37]} {[%emt 00:00:06]} a6 {[%clk 00:56:39]}
{[%emt 00:03:09]} 21. Nc3 {[%clk 00:32:37]} {[%emt 00:01:30]} Rfc8 {[%clk
00:54:13]} {[%emt 00:02:53]} 22. Rac1 {[%clk 00:28:31]} {[%emt 00:04:38]} Rc4
{[%clk 00:50:29]} {[%emt 00:04:13]} 23. Red1 {[%clk 00:23:19]} {[%emt
00:05:44]} Rac8 {[%clk 00:50:11]} {[%emt 00:00:47]} 24. Be5 {[%clk 00:14:27]}
{[%emt 00:09:23]} 1/2-1/2

[Event "DEM U16 2023"]
[Site "Willingen GER"]
[Date "2023.05.28"]
[Round "2"]
[White "Reichmann, Felix"]
[Black "Pfeffer, Samuel"]
[Result "1-0"]
[Termination "normal"]
[Board "13"]
[WhiteElo "1976"]
[BlackElo "1504"]
[WhiteClock "00:51:58"]
[BlackClock "01:09:17"]
[PlyCount "35"]
[WhiteFideId "16238290"]
[BlackFideId "16249160"]
[EventCountry "GER"]
[EventRounds "9"]
[EventType "swiss"]
[EventDate "2023.05.27"]

1. c4 {[%clk 01:30:58]} {[%emt 00:00:02]} c5 {[%clk 01:30:53]} {[%emt
00:00:07]} 2. Nc3 {[%clk 01:28:59]} {[%emt 00:02:29]} Nc6 {[%clk 01:31:15]}
{[%emt 00:00:09]} 3. Nf3 {[%clk 01:28:50]} {[%emt 00:00:39]} e6 {[%clk
01:31:08]} {[%emt 00:00:37]} 4. g3 {[%clk 01:29:06]} {[%emt 00:00:13]} g6
{[%clk 01:31:08]} {[%emt 00:00:30]} 5. d4 {[%clk 01:28:10]} {[%emt 00:01:26]}
cxd4 {[%clk 01:31:25]} {[%emt 00:00:14]} 6. Nxd4 {[%clk 01:28:35]} {[%emt
00:00:05]} d5 {[%clk 01:29:08]} {[%emt 00:02:47]} 7. cxd5 {[%clk 01:26:43]}
{[%emt 00:02:22]} exd5 {[%clk 01:29:35]} {[%emt 00:00:03]} 8. Bf4 {[%clk
01:23:39]} {[%emt 00:03:33]} a6 {[%clk 01:27:28]} {[%emt 00:02:38]} 9. Bg2
{[%clk 01:17:33]} {[%emt 00:06:35]} Nge7 {[%clk 01:26:04]} {[%emt 00:01:53]}
10. Nxc6 {[%clk 01:15:53]} {[%emt 00:02:12]} bxc6 {[%clk 01:23:08]} {[%emt
00:03:26]} 11. Be5 {[%clk 01:15:39]} {[%emt 00:00:43]} Rg8 {[%clk 01:23:09]}
{[%emt 00:00:30]} 12. O-O {[%clk 01:12:09]} {[%emt 00:04:00]} Be6 {[%clk
01:22:36]} {[%emt 00:01:02]} 13. Qa4 {[%clk 01:08:35]} {[%emt 00:04:03]} Qc8
{[%clk 01:14:55]} {[%emt 00:08:12]} 14. e4 {[%clk 00:54:36]} {[%emt 00:14:30]}
dxe4 {[%clk 01:10:58]} {[%emt 00:04:27]} 15. Nxe4 {[%clk 00:54:42]} {[%emt
00:00:24]} Nd5 {[%clk 01:11:15]} {[%emt 00:00:13]} 16. Nf6+ {[%clk 00:51:14]}
{[%emt 00:03:57]} Nxf6 {[%clk 01:11:31]} {[%emt 00:00:14]} 17. Bxf6 {[%clk
00:51:41]} {[%emt 00:00:04]} Bd6 {[%clk 01:09:17]} {[%emt 00:02:44]} 18. Qxc6+
{[%clk 00:51:58]} {[%emt 00:00:13]} 1-0

[Event "DEM U16 2023"]
[Site "Willingen GER"]
[Date "2023.05.28"]
[Round "2"]
[White "Oldenburg, Max Leonard"]
[Black "Demchenko, Yaroslav"]
[Result "1/2-1/2"]
[Termination "normal"]
[Board "14"]
[WhiteElo "1825"]
[BlackElo "1814"]
[WhiteClock "00:46:21"]
[BlackClock "00:00:37"]
[PlyCount "63"]
[WhiteFideId "34660348"]
[BlackFideId "14186667"]
[EventCountry "GER"]
[EventRounds "9"]
[EventType "swiss"]
[EventDate "2023.05.27"]

1. d4 {[%clk 01:30:58]} {[%emt 00:00:02]} Nf6 {[%clk 01:30:56]} {[%emt
00:00:03]} 2. c4 {[%clk 01:31:23]} {[%emt 00:00:07]} g6 {[%clk 01:31:22]}
{[%emt 00:00:02]} 3. Nc3 {[%clk 01:31:46]} {[%emt 00:00:06]} Bg7 {[%clk
01:31:43]} {[%emt 00:00:10]} 4. e4 {[%clk 01:32:10]} {[%emt 00:00:07]} d6
{[%clk 01:32:00]} {[%emt 00:00:12]} 5. f3 {[%clk 01:32:34]} {[%emt 00:00:06]}
O-O {[%clk 01:32:24]} {[%emt 00:00:06]} 6. Be3 {[%clk 01:32:57]} {[%emt
00:00:06]} c5 {[%clk 01:32:50]} {[%emt 00:00:05]} 7. d5 {[%clk 01:33:15]}
{[%emt 00:00:12]} e6 {[%clk 01:33:12]} {[%emt 00:00:08]} 8. Qd2 {[%clk
01:32:50]} {[%emt 00:00:55]} exd5 {[%clk 01:32:49]} {[%emt 00:00:54]} 9. cxd5
{[%clk 01:33:03]} {[%emt 00:00:17]} a6 {[%clk 01:33:14]} {[%emt 00:00:05]} 10.
a4 {[%clk 01:32:18]} {[%emt 00:01:14]} Nbd7 {[%clk 01:30:23]} {[%emt 00:03:22]}
11. Nge2 {[%clk 01:29:46]} {[%emt 00:03:01]} h5 {[%clk 01:23:46]} {[%emt
00:07:07]} 12. Bh6 {[%clk 01:26:03]} {[%emt 00:04:13]} Qa5 {[%clk 01:09:44]}
{[%emt 00:14:32]} 13. Bxg7 {[%clk 01:25:36]} {[%emt 00:00:57]} Kxg7 {[%clk
01:10:10]} {[%emt 00:00:05]} 14. h3 {[%clk 01:18:21]} {[%emt 00:07:44]} Rh8
{[%clk 01:01:44]} {[%emt 00:08:56]} 15. Nc1 {[%clk 01:09:26]} {[%emt 00:09:25]}
b5 {[%clk 00:44:23]} {[%emt 00:17:51]} 16. Nb3 {[%clk 01:04:09]} {[%emt
00:05:47]} Qb4 {[%clk 00:39:46]} {[%emt 00:05:07]} 17. axb5 {[%clk 01:01:10]}
{[%emt 00:03:29]} Nb6 {[%clk 00:29:43]} {[%emt 00:10:34]} 18. Qc2 {[%clk
00:58:24]} {[%emt 00:03:16]} Nfxd5 {[%clk 00:19:05]} {[%emt 00:11:08]} 19. exd5
{[%clk 00:56:08]} {[%emt 00:02:46]} Bf5 {[%clk 00:19:33]} {[%emt 00:00:03]} 20.
Qd1 {[%clk 00:47:44]} {[%emt 00:08:54]} Qh4+ {[%clk 00:19:37]} {[%emt
00:00:26]} 21. Kd2 {[%clk 00:47:35]} {[%emt 00:00:38]} Qf4+ {[%clk 00:19:59]}
{[%emt 00:00:09]} 22. Ke2 {[%clk 00:47:38]} {[%emt 00:00:26]} Rae8+ {[%clk
00:08:49]} {[%emt 00:11:41]} 23. Kf2 {[%clk 00:45:51]} {[%emt 00:02:17]} Qe3+
{[%clk 00:09:10]} {[%emt 00:00:09]} 24. Kg3 {[%clk 00:46:06]} {[%emt 00:00:13]}
Qe5+ {[%clk 00:02:54]} {[%emt 00:06:47]} 25. Kf2 {[%clk 00:45:12]} {[%emt
00:01:23]} Qe3+ {[%clk 00:03:21]} {[%emt 00:00:05]} 26. Kg3 {[%clk 00:45:06]}
{[%emt 00:00:36]} h4+ {[%clk 00:02:32]} {[%emt 00:01:18]} 27. Kh2 {[%clk
00:45:16]} {[%emt 00:00:20]} Qf4+ {[%clk 00:03:01]} 28. Kg1 {[%clk 00:45:29]}
{[%emt 00:00:19]} Qe3+ {[%clk 00:03:30]} 29. Kh2 {[%clk 00:45:45]} {[%emt
00:00:12]} Qe5+ {[%clk 00:01:12]} {[%emt 00:02:49]} 30. Kg1 {[%clk 00:45:56]}
{[%emt 00:00:18]} Qe3+ {[%clk 00:01:41]} {[%emt 00:00:02]} 31. Kh2 {[%clk
00:46:01]} {[%emt 00:00:25]} Qe5+ {[%clk 00:00:37]} {[%emt 00:01:35]} 32. Kg1
{[%clk 00:46:21]} {[%emt 00:00:08]} 1/2-1/2

[Event "DEM U16 2023"]
[Site "Willingen GER"]
[Date "2023.05.28"]
[Round "2"]
[White "Bock, Marlon"]
[Black "Schulz, Bruno Andreas"]
[Result "1-0"]
[Termination "normal"]
[Board "15"]
[WhiteElo "1954"]
[BlackElo "1796"]
[WhiteClock "01:31:51"]
[BlackClock "01:31:43"]
[PlyCount "103"]
[WhiteFideId "16244931"]
[BlackFideId "34618473"]
[EventCountry "GER"]
[EventRounds "9"]
[EventType "swiss"]
[EventDate "2023.05.27"]

1. d4 {[%clk 01:30:59]} {[%emt 11:29:27]} d5 {[%clk 01:30:55]} 2. c4 {[%clk
01:31:26]} {[%emt 00:00:09]} e6 {[%clk 01:31:19]} 3. Nc3 {[%clk 01:31:51]}
{[%emt 00:00:11]} Nf6 {[%clk 01:31:43]} 4. cxd5 {[%clk 01:31:51]} exd5 {[%clk
01:31:43]} 5. Bg5 {[%clk 01:31:51]} Nbd7 {[%clk 01:31:43]} 6. e3 {[%clk
01:31:51]} c6 {[%clk 01:31:43]} 7. Bd3 {[%clk 01:31:51]} Bb4 {[%clk 01:31:43]}
8. Nge2 {[%clk 01:31:51]} h6 {[%clk 01:31:43]} 9. Bh4 {[%clk 01:31:51]} O-O
{[%clk 01:31:43]} 10. O-O {[%clk 01:31:51]} Re8 {[%clk 01:31:43]} 11. Qc2
{[%clk 01:31:51]} Bd6 {[%clk 01:31:43]} 12. Bg3 {[%clk 01:31:51]} Bc7 {[%clk
01:31:43]} 13. Rad1 {[%clk 01:31:51]} Nf8 {[%clk 01:31:43]} 14. Rfe1 {[%clk
01:31:51]} Bg4 {[%clk 01:31:43]} 15. f3 {[%clk 01:31:51]} Bh5 {[%clk 01:31:43]}
16. Bxc7 {[%clk 01:31:51]} Qxc7 {[%clk 01:31:43]} 17. Nf4 {[%clk 01:31:51]} Re7
{[%clk 01:31:43]} 18. Rc1 {[%clk 01:31:51]} Qd6 {[%clk 01:31:43]} 19. Na4
{[%clk 01:31:51]} Rae8 {[%clk 01:31:43]} 20. Qd2 {[%clk 01:31:51]} Ne6 {[%clk
01:31:43]} 21. Nxh5 {[%clk 01:31:51]} Nxh5 {[%clk 01:31:43]} 22. b4 {[%clk
01:31:51]} b5 {[%clk 01:31:43]} 23. Nc5 {[%clk 01:31:51]} Nc7 {[%clk 01:31:43]}
24. Nb7 {[%clk 01:31:51]} Qf6 {[%clk 01:31:43]} 25. Na5 {[%clk 01:31:51]} Re6
{[%clk 01:31:43]} 26. Qc3 {[%clk 01:31:51]} Qg5 {[%clk 01:31:43]} 27. f4 {[%clk
01:31:51]} Qh4 {[%clk 01:31:43]} 28. Bf5 {[%clk 01:31:51]} Rf6 {[%clk
01:31:43]} 29. Bd7 {[%clk 01:31:51]} Re7 {[%clk 01:31:43]} 30. Bxc6 {[%clk
01:31:51]} Qg4 {[%clk 01:31:43]} 31. Qc5 {[%clk 01:31:51]} Rg6 {[%clk
01:31:43]} 32. Bxd5 {[%clk 01:31:51]} Nxd5 {[%clk 01:31:43]} 33. Qxd5 {[%clk
01:31:51]} Nf6 {[%clk 01:31:43]} 34. Qc6 {[%clk 01:31:51]} Kh7 {[%clk
01:31:43]} 35. Qc2 {[%clk 01:31:51]} Nd5 {[%clk 01:31:43]} 36. f5 {[%clk
01:31:51]} Rg5 {[%clk 01:31:43]} 37. f6+ {[%clk 01:31:51]} Re4 {[%clk
01:31:43]} 38. Nb3 {[%clk 01:31:51]} g6 {[%clk 01:31:43]} 39. Qd2 {[%clk
01:31:51]} Qh4 {[%clk 01:31:43]} 40. Qf2 {[%clk 01:31:51]} Qh5 {[%clk
01:31:43]} 41. Nd2 {[%clk 01:31:51]} Reg4 {[%clk 01:31:43]} 42. g3 {[%clk
01:31:51]} Rf5 {[%clk 01:31:43]} 43. Qg2 {[%clk 01:31:51]} Rxf6 {[%clk
01:31:43]} 44. h3 {[%clk 01:31:51]} Rg5 {[%clk 01:31:43]} 45. Ne4 {[%clk
01:31:51]} Re6 {[%clk 01:31:43]} 46. Nxg5+ {[%clk 01:31:51]} Qxg5 {[%clk
01:31:43]} 47. h4 {[%clk 01:31:51]} Qh5 {[%clk 01:31:43]} 48. Rc5 {[%clk
01:31:51]} Rxe3 {[%clk 01:31:43]} 49. Rxe3 {[%clk 01:31:51]} Qd1+ {[%clk
01:31:43]} 50. Qf1 {[%clk 01:31:51]} Qxd4 {[%clk 01:31:43]} 51. Qxf7+ {[%clk
01:31:51]} Kh8 {[%clk 01:31:43]} 52. Rc8# {[%clk 01:31:51]} 1-0

[Event "DEM U16 2023"]
[Site "Willingen GER"]
[Date "2023.05.29"]
[Round "3"]
[White "von Mettenheim, Johannes"]
[Black "Heinrich, John"]
[Result "0-1"]
[Termination "normal"]
[Board "1"]
[WhiteElo "2329"]
[BlackElo "2150"]
[PlyCount "174"]
[WhiteFideId "16244818"]
[BlackFideId "16259491"]
[EventCountry "GER"]
[EventRounds "9"]
[EventType "swiss"]
[EventDate "2023.05.27"]

1. d4 Nf6 2. c4 g6 3. Nc3 d5 4. Nf3 Bg7 5. Bf4 O-O 6. Rc1 c5 7. dxc5 dxc4 8.
Qxd8 Rxd8 9. e4 Nbd7 10. Rd1 Rf8 11. Bxc4 Nxc5 12. e5 Nfd7 13. Nd5 Nb6 14. Nxb6
axb6 15. b4 Be6 16. Bxe6 Nxe6 17. Be3 Rxa2 18. O-O Rb2 19. Rd7 Rxb4 20. Rxb7 b5
21. Ra1 Re8 22. g3 f6 23. Ra6 Kf7 24. exf6 Bxf6 25. Rab6 Rd8 26. Rxb5 Rxb5 27.
Rxb5 Ra8 28. Kg2 Rc8 29. Rb6 Ra8 30. Nd2 Ra4 31. Nb3 Rc4 32. Kf3 Nc7 33. Nd2
Ra4 34. Ne4 Nd5 35. Rb3 Rb4 36. Rd3 Rb5 37. Ra3 Rb7 38. Ra5 Nb4 39. Ra8 Nc6 40.
Ra6 Ne5+ 41. Kg2 Nd7 42. Bf4 Rb4 43. Nd2 Be5 44. Bh6 Bg7 45. Bxg7 Kxg7 46. Nf3
Nf6 47. Ra7 Kf8 48. Ne5 Rb2 49. Kf3 Rb3+ 50. Kf4 Rb2 51. Kf3 Rb3+ 52. Kg2 Rb2
53. Ra4 Re2 54. Nd3 Rd2 55. Ra3 Rc2 56. Ra8+ Kg7 57. Ra7 Kf8 58. h3 Rd2 59. Ra3
Rc2 60. Ra8+ Kg7 61. Ra7 Kf8 62. Kf3 Rc4 63. Ne5 Rc2 64. Ke3 Nd5+ 65. Ke4 Nf6+
66. Kf3 Rc1 67. Kf4 Rc5 68. Nd3 Rf5+ 69. Ke3 Rb5 70. f3 Nh5 71. g4 Nf6 72. Kf2
Rb3 73. Ne5 Rc3 74. Kg3 Rc5 75. f4 Rc3+ 76. Kh4 Ne4 77. Ra8+ Kg7 78. Re8 Nf2
79. Rxe7+ Kf6 80. Rf7+ Ke6 81. Kg5 Rxh3 82. f5+ Kxe5 83. Re7+ Kd6 84. Re6+ Kd5
85. Kf4 Nd3+ 86. Kg5 Nc5 87. Rxg6 Ne4+ 0-1

[Event "DEM U16 2023"]
[Site "Willingen GER"]
[Date "2023.05.29"]
[Round "3"]
[White "Lebzak, Jaroslav"]
[Black "Honisch, Alexander"]
[Result "1/2-1/2"]
[Termination "normal"]
[Board "3"]
[WhiteElo "2138"]
[BlackElo "2057"]
[WhiteClock "00:09:47"]
[BlackClock "00:09:00"]
[PlyCount "63"]
[WhiteFideId "44105851"]
[BlackFideId "16298594"]
[EventCountry "GER"]
[EventRounds "9"]
[EventType "swiss"]
[EventDate "2023.05.27"]

1. e4 {[%clk 01:30:57]} {[%emt 00:00:04]} e5 {[%clk 01:30:33]} {[%emt
00:00:37]} 2. Nf3 {[%clk 01:31:22]} {[%emt 00:00:13]} Nc6 {[%clk 01:30:46]}
{[%emt 00:00:20]} 3. Bc4 {[%clk 01:31:31]} {[%emt 00:00:16]} Bc5 {[%clk
01:30:42]} {[%emt 00:00:24]} 4. c3 {[%clk 01:31:51]} {[%emt 00:00:04]} Nf6
{[%clk 01:30:46]} {[%emt 00:00:24]} 5. d4 {[%clk 01:32:01]} {[%emt 00:00:19]}
exd4 {[%clk 01:30:46]} {[%emt 00:00:30]} 6. e5 {[%clk 01:32:12]} {[%emt
00:00:19]} d5 {[%clk 01:30:26]} {[%emt 00:00:50]} 7. Bb5 {[%clk 01:32:16]}
{[%emt 00:00:26]} Ne4 {[%clk 01:30:05]} {[%emt 00:00:51]} 8. cxd4 {[%clk
01:32:26]} {[%emt 00:00:20]} Bb6 {[%clk 01:29:48]} {[%emt 00:00:47]} 9. Nc3
{[%clk 01:32:39]} {[%emt 00:00:17]} O-O {[%clk 01:29:05]} {[%emt 00:01:13]} 10.
Be3 {[%clk 01:32:42]} {[%emt 00:00:26]} Bg4 {[%clk 01:18:34]} {[%emt 00:11:01]}
11. h3 {[%clk 01:32:47]} {[%emt 00:00:25]} Bh5 {[%clk 01:18:57]} {[%emt
00:00:08]} 12. Qc2 {[%clk 01:32:29]} {[%emt 00:00:48]} Bg6 {[%clk 01:15:03]}
{[%emt 00:04:24]} 13. Qb3 {[%clk 01:32:37]} {[%emt 00:00:21]} Ne7 {[%clk
01:14:39]} {[%emt 00:00:54]} 14. O-O {[%clk 01:32:43]} {[%emt 00:00:24]} c6
{[%clk 01:13:57]} {[%emt 00:01:12]} 15. Bd3 {[%clk 01:32:15]} {[%emt 00:00:56]}
Nd2 {[%clk 01:11:26]} {[%emt 00:03:02]} 16. Nxd2 {[%clk 01:30:46]} {[%emt
00:01:59]} Bxd3 {[%clk 01:11:50]} {[%emt 00:00:06]} 17. Rfd1 {[%clk 01:30:23]}
{[%emt 00:00:53]} Bg6 {[%clk 01:09:55]} {[%emt 00:02:25]} 18. a4 {[%clk
01:15:38]} {[%emt 00:15:16]} Rb8 {[%clk 00:56:20]} {[%emt 00:14:05]} 19. Nf3
{[%clk 01:00:58]} {[%emt 00:15:09]} Bc7 {[%clk 00:47:36]} {[%emt 00:09:14]} 20.
Bg5 {[%clk 00:50:34]} {[%emt 00:10:54]} h6 {[%clk 00:42:33]} {[%emt 00:05:32]}
21. Bh4 {[%clk 00:49:49]} {[%emt 00:01:15]} Qd7 {[%clk 00:38:48]} {[%emt
00:04:15]} 22. Ne2 {[%clk 00:44:26]} {[%emt 00:05:52]} Kh7 {[%clk 00:28:07]}
{[%emt 00:11:12]} 23. Qc3 {[%clk 00:39:40]} {[%emt 00:05:14]} Be4 {[%clk
00:22:24]} {[%emt 00:06:16]} 24. Nd2 {[%clk 00:31:05]} {[%emt 00:09:04]} Ng6
{[%clk 00:18:38]} {[%emt 00:04:16]} 25. Bg3 {[%clk 00:30:25]} {[%emt 00:01:10]}
Bf5 {[%clk 00:17:49]} {[%emt 00:01:19]} 26. f4 {[%clk 00:20:59]} {[%emt
00:09:56]} f6 {[%clk 00:15:55]} {[%emt 00:02:24]} 27. Bf2 {[%clk 00:19:26]}
{[%emt 00:02:02]} Rbe8 {[%clk 00:13:49]} {[%emt 00:02:36]} 28. b4 {[%clk
00:14:11]} {[%emt 00:05:46]} fxe5 {[%clk 00:11:39]} {[%emt 00:02:40]} 29. fxe5
{[%clk 00:13:49]} {[%emt 00:00:51]} Rf7 {[%clk 00:09:56]} {[%emt 00:02:13]} 30.
Rf1 {[%clk 00:12:01]} {[%emt 00:02:18]} Ref8 {[%clk 00:09:29]} {[%emt
00:00:58]} 31. Rac1 {[%clk 00:10:25]} {[%emt 00:02:06]} Bd8 {[%clk 00:09:00]}
{[%emt 00:00:59]} 32. Nb3 {[%clk 00:09:47]} {[%emt 00:01:08]} 1/2-1/2